| 000 | 00364nam a22001577a 4500 | ||
|---|---|---|---|
| 003 | SGT | ||
| 020 | _a978-0-9798646-0-5 | ||
| 082 |
_a617.632 _bP07S |
||
| 100 | _aSILVERSTEIN,LEE.H. | ||
| 245 | _aPRINCIPLES OF SOFT TISSUE SURGERY. | ||
| 250 | _a1ST | ||
| 260 |
_aNEW TOWN _bAEGIS PUBLICATION _c2007 |
||
| 300 | _a168 | ||
| 650 | _aPERIODONTICS | ||
| 942 |
_2ddc _cBK |
||
| 999 |
_c10848 _d10848 |
||